|
|
|
|
| LEADER |
01505nam a2200277 a 4500 |
| 001 |
GR-Antirio703 |
| 008 |
090413s2002 ne b 001 0 gre d |
| 020 |
|
|
|a 0124438962
|
| 040 |
|
|
|a GrPaTEI
|b gre
|c GR-PaULI
|
| 040 |
|
|
|a GrPaTEI
|b gre
|c GR-PaULI
|
| 040 |
|
|
|a GrPaTEI
|b gre
|c GR-PaULI
|
| 082 |
|
0 |
|a 005.758
|2 22
|
| 100 |
0 |
|
|a Leondes, Cornelius T.
|
| 245 |
1 |
0 |
|a Database and data communication network systems :
|b techniques and applications /
|c edited by : Leondes, Cornelius T.
|
| 250 |
|
|
|b vol. I
|
| 260 |
|
|
|a Amsterdam , Boston :
|b Academic Press,
|c c 2002
|
| 300 |
|
|
|a xxi. , 326 σ. :
|b εικ. ;
|c 27 εκ.
|
| 504 |
|
|
|a Περιλαμβάνει βιβλιογραφίες και ευρετήριο.
|
| 650 |
|
0 |
|a Computer networks
|
| 650 |
|
0 |
|a DISTRIBUTED DATABASES
|
| 942 |
|
|
|2 ddc
|
| 952 |
|
|
|0 0
|1 0
|2 ddc
|4 0
|6 005_758000000000000_LEO
|7 0
|9 262019
|a LISK-2
|b LISK-2
|c BSC
|d 2021-01-17
|e 24
|f 0
|g 0.00
|l 0
|o 005.758 LEO
|p 2430000006991
|r 2021-01-17 00:00:00
|t 1
|w 2021-01-17
|y BK15
|x 20090413 0 1
|x GrPaTEI - Antirrio
|
| 952 |
|
|
|0 0
|1 0
|2 ddc
|4 0
|6 005_758000000000000_LEO
|7 0
|9 262020
|a LISK-2
|b LISK-2
|c BSC
|d 2021-01-17
|e 24
|f 0
|g 0.00
|l 0
|o 005.758 LEO
|p 2430000006992
|r 2021-01-17 00:00:00
|t 1
|w 2021-01-17
|y BK15
|x 20090413 0 1
|x GrPaTEI - Antirrio
|
| 952 |
|
|
|0 0
|1 0
|2 ddc
|4 0
|6 005_758000000000000_LEO
|7 0
|9 262021
|a LISK-2
|b LISK-2
|c BSC
|d 2021-01-17
|e 24
|f 0
|g 0.00
|l 0
|o 005.758 LEO
|p 2430000006993
|r 2021-01-17 00:00:00
|t 1
|w 2021-01-17
|y BK15
|x 20090413 0 1
|x GrPaTEI - Antirrio
|
| 971 |
|
|
|a .b25705027
|b 01-10-20
|c 12-09-16
|
| 999 |
|
|
|c 151147
|d 151147
|